Italian airlines - Statistics

Statistiche generali
  • Questo quiz è stato fatto 36 volte
  • Il punteggio medio è 8 su 144
Statistiche sulle risposte
Hint Risposta % Corretto
1946-2021 Alitalia
96%
2021- ITA Airways
61%
2005-2018 | 2018-2020 Air Italy
36%
2022- AeroItalia
29%
1991- Air Dolomiti
29%
1983-2014 Air One
25%
1947-1949 Airone
25%
1958-1981 Itavia
25%
2004-2004 Blue
18%
2001- Neos Air
18%
1947-2009 Alitalia Cargo
11%
1998-2021 Blue Panorama Airlines
11%
1991-2018 Meridiana Fly
11%
1958-1980 Aeral
7%
1963-1968 Aeralpi
7%
1963-1994 Aero Trasporti Italiani
7%
2008-2008 Air Bee
7%
1987-1990 Air Sardinia
7%
1994-2004 Air Sicilia
7%
2016-2016 AirSud
7%
1987-2018 Air Vallée
7%
1934-1945 Ala Littoria
7%
1963-1991 Alisarda
7%
2009-2021 Alitalia Cityliner
7%
1996-2004 Alitalia Team
7%
2003-2003 Blu Air
7%
1970- Cargolux Italia
7%
1989-2010 Eurofly
7%
2008-2011 Lufthansa Italia
7%
2020- Poste Air Cargo
7%
2003-2012 Wind Jet
7%
1947-1948 Aerea Teseo
4%
1983-1985 Aermediterranea
4%
1926-1934 Aero Espresso Italia
4%
1969-1975 Aeropa
4%
1989-1990 Aero Taxi Sud
4%
1966-1975 Aertirrena
4%
1999-2001 Air Besit
4%
1984-2003 Air Columbia
4%
1999-1999 Airday
4%
1997-2008 Air Europe
4%
2002-2004 Air Halica
4%
1999-2003 Air Industria
4%
2003-2003 Air Italica
4%
2006-2011 Air One Cityliner
4%
2005-2006 Air Sal
4%
2004-2005 AirSal
4%
1993-2014 Airumbria
4%
1982-1982 Ali Adria
4%
1983-1995 Aliadriatica
4%
1987-1989 Aliblu Airways
4%
1949-1952 ALI-Flotte Riunite
4%
1983-1985 Aligiulia
4%
1986-1990 Alinord
4%
2021- AlisCargo Airlines
4%
2000-2003 Alisea Airlines
4%
1992-1993 Alistar
4%
1963-1964 Alisud
4%
1997-2009 Alitalia Express
4%
2000-2000 Aliway
4%
1996-2008 Alpi Eagles
4%
1967-1984 Altair
4%
1976-? Antares Airlines
4%
1951-1952 Arabian American Airlines
4%
1999-1999 Assofly
4%
1987-1996 Avianova
4%
1975-1980 Avioligure
4%
1926-1949 Avio Linee Italiane
4%
1997-1999 Aviosarda Airlines
4%
1996-2005 Azzurra Air
4%
2010-2013 Belle Air Europe
4%
1998-1999 Benair International Freight
4%
1999-1999 Besit Servizi Aerei
4%
1980-1986 Cadabo
4%
2005-2011 Cargoitalia
4%
2002-2002 CiaoFly
4%
2004-2006 CityFly
4%
2002-2008 Club Air
4%
2004-2004 Dolphin Air Express
4%
2010-2011 Eagles Airlines
4%
2002-2002 EAS Aeroservizi
4%
2019-2022 EGO Airways
4%
2006-2012 ElbaFly
4%
1956-1959 ELI-Linee Italiane
4%
1959-1970 Elivie
4%
1999-1999 E R Air
4%
2015-2020 Ernest Airlines
4%
1998-2002 EuReCa
4%
1987-2007 Eurojet Italia
4%
2002-2007 Evolavia
4%
1939-1956 LATI
4%
2011-2014 Livingston
4%
1981-2019 Mistral Air
4%
2004-2010 MyAir
4%
1925-1931 SAT
4%
2020- SkyAlps
4%
1993-2005 Executive Aircraft Management
0%
2004-2006 Executive Blue
0%
1999-1999 Far Airlines
0%
1998-2000 Federico II Airways
0%
2015-2017 Fly Ernest
0%
2001-2007 Fly Wex
0%
1995-2009 Foxair
0%
1996-2001 Free Airlines
0%
2002-2003 Free Airways
0%
1999-2004 Gandalf Airlines
0%
2000-2001 Goldwing Airlines
0%
1920-1927 INCA
0%
1989-1998 International Flying Services
0%
1996-2001 Italair
0%
1999-2006 Italy First
0%
1946-1957 LAI-Linee Aeree Italiane
0%
1990-2003 Lauda Air Italia
0%
2003-2010 Livingston Energy Flight
0%
2013-2014 Livingston Executive
0%
1998-2001 Med Airlines
0%
1996-2003 Minerva Airlines
0%
1981-2015 MiniLiner
0%
2000-2001 National Jets Italia
0%
1994-1996 Noman
0%
1979-2004 Panair
0%
2011-2011 PRiMA Aero Trasporti Italiani
0%
2008-2011 Rotkopf Aviation Italia
0%
1926-1934 SAM
0%
1925-1934 SANA
0%
1999-2000 SiFly
0%
1926-1934 SISA
0%
2001-2006 SixCargo
0%
2005-2014 Skybridge AirOps
0%
1947-1949 SNCAT
0%
2001-2001 SolAir
0%
2015-2019 SW Italia
0%
2002-2006 TAI
0%
1992-1998 TAS Airways
0%
1926-1931 Transadriatica
0%
1990-1992 Transavio
0%
1980-1990 Unifly Express
0%
1989-1989 Universair
0%
1961-1998 Vettore Airlines
0%
1967-1979 VIP-Air
0%
1998-2004 Volare Airlines
0%
2003-2005 Volareweb.com
0%
2005-2005 VoliRegionali
0%
Nessun quiz corrispondente trovato
Distribuzione punteggi
Percentuale di utenti per punteggio
Percentile per numero di risposta
I tuoi punteggi nel tempo
Non hai fatto questo quiz